LEADER 00909nab a2200157 i 4500 001 000000262870 003 CaOOAMICUS 005 20051024000000.0 008 051024n xx uu u0 0und r 013 $a4303 040 $aSeMil$bita 245 13$aLe grandi manovre :$ba Varese si č aperta ufficialmente la corsa al voto anticipato, per il mondo cattolico č il momento di riflettere su una nuova stagione... - 35 p. : ill. - Contiene : Inserto speciale. - Titolo principale dalla prima pagina. 500 $a23 OTTOBRE 2005. 773 0 $t[2005.$dVarese : Ediluce, 2005.$w()139990 774 0 $tCattolici e politica.$w()304806 996 $6245$aLe grandi manovre :$ba Varese si č aperta ufficialmente la corsa al voto anticipato, per il mondo cattolico č il momento di riflettere su una nuova stagione... - 35 p. : ill. - Contiene : Inserto speciale. - Titolo principale dalla prima pagina.$9(OLS)http://semarc/title/356224 LEADER 00583naa a2200145 i 4500 001 000000293704 003 CaOOAMICUS 005 20180831172451.0 008 180831n xx u000 u und u 013 $a945 040 $aSeMil$bita 100 1 $aNiehr, Herbert.$0(OLS)http://semarc/name/53878 245 10$aJHWH in der Rolle des Baalsamem. 773 0 $aDietrich, Walter <1944- >$tGott allein?.$dFreiburg (Schweiz) : Universitätsverlag, copyr. 1994.$kOrbis Biblicus et Orientalis$z3-7278-0962-0$z3-525-53774-3$w()42220 996 $6245$aJHWH in der Rolle des Baalsamem$9(OLS)http://semarc/title/369793